Spomienky zo skla

Bibliographic Details
Main Author: Ahern, Cecelia, 1981- (Author)
Other Authors: Greer, Soňa (Translator)
Format: Book
Language:Slovak
English
PhysicalDescription:247 s. 20 cm
Published: Bratislava Slovart 2017
ISBN:9788055628912
Subjects:

MARC

LEADER 00000cam a2200000 a 4500
001 vtls011720762
003 SK-MaSNL
005 20260301182554.0
008 200316s2017 xo g 000 f slo
015 |a SNBA2018 
020 |a 9788055628912  |q (brož.) 
035 |a urn:nbn:sk:snk-am00dfbd 
035 |a urn:nbn:sk:snk-am3i0bt 
035 |a C3745630-5B49-43A8-9FE3-14B51FDA280C 
040 |a SNK  |b slo  |c SNK  |e AACR2 
041 1 |a slo  |h eng 
044 |a xo  |c SK 
072 7 |a 821.111-3  |x Anglická próza, anglicky písaná  |2 konspekt 
080 |a 821.111(415)-31  |2 2011 
100 1 |a Ahern, Cecelia,  |d 1981-  |4 aut  |9 208960 
240 1 4 |a The Marble Collector  |l Slovensky 
245 1 0 |a Spomienky zo skla  |c Cecelia Ahern ; [z anglického originálu ... preložila Sonia Greer] 
260 |a Bratislava  |b Slovart  |c 2017 
300 |a 247 s.  |c 20 cm 
500 |a Na obálke: Niekedy stačí jeden jediný deň na to, aby človek pochopil, kým vlastne je 
655 7 |a írske romány (anglicky)  |2 SNKPH  |9 70782 
655 7 |a Irish fiction (English)  |2 SNKPHeng  |9 286462 
700 1 |a Greer, Soňa  |4 trl  |9 65207 
852 |a Štátna vedecká knižnica v Banskej Bystrici 
919 |a 978-80-556-2891-2 
958 |a LX 
958 |a UP 
968 |b ENG 
999 |c 854133  |d 856063 
952 |a SNK  |b SNK  |y VYP  |7 0  |p 17A1324344  |o snkSD 87028 D1  |i snk2018/10006  |8 0  |0 0  |1 0  |4 0  |d 2018-05-07  |l 0  |r 2026-02-24 04:51:44  |w 2026-02-24 
952 |a SNK  |b SNK  |y PREZ  |7 0  |p 17A1319975  |o snkSD 87028  |i snk2018/4103  |8 0  |0 0  |1 0  |4 0  |d 2018-02-14  |f 1  |l 0  |r 2026-02-24 04:51:44  |w 2026-02-24